All Countries and Dependencies Area, Over 1 million Square ft. - Statistics

General Stats
  • This quiz has been taken 13 times
  • The average score is 20 of 25
Answer Stats
Question Tile Select % Correct
Select all countries that have a land area of over 1 million square miles Brazil Yes
100%
Select all countries that have a land area of over 1 million square miles China Yes
100%
Select all countries that have a land area of over 1 million square miles India Yes
100%
Select all countries that have a land area of over 1 million square miles Kazakhstan Yes
100%
Select all countries that have a land area of over 1 million square miles Russia Yes
100%
Select all countries that have a land area of over 1 million square miles United States Yes
100%
Select all countries that have a land area of over 1 million square miles Canada Yes
92%
Select all countries that have a land area of over 1 million square miles Niger No
92%
Select all countries that have a land area of over 1 million square miles Venezuela No
92%
Select all countries that have a land area of over 1 million square miles Angola No
83%
Select all countries that have a land area of over 1 million square miles Australia Yes
83%
Select all countries that have a land area of over 1 million square miles Chad No
83%
Select all countries that have a land area of over 1 million square miles Libya No
83%
Select all countries that have a land area of over 1 million square miles Namibia No
83%
Select all countries that have a land area of over 1 million square miles Argentina Yes
75%
Select all countries that have a land area of over 1 million square miles Iran No
75%
Select all countries that have a land area of over 1 million square miles Peru No
75%
Select all countries that have a land area of over 1 million square miles South Africa No
75%
Select all countries that have a land area of over 1 million square miles Greenland No
67%
Select all countries that have a land area of over 1 million square miles Sudan No
67%
Select all countries that have a land area of over 1 million square miles Mongolia No
58%
Select all countries that have a land area of over 1 million square miles Saudi Arabia No
58%
Select all countries that have a land area of over 1 million square miles Democratic Republic of Congo No
42%
Select all countries that have a land area of over 1 million square miles Indonesia No
42%
Select all countries that have a land area of over 1 million square miles Algeria No
33%
No matching quizzes found
Score Distribution
Percent of People with Each Score
Percentile by Number Answered
Your Score History
You have not taken this quiz